Представление документа в формате RUSMARC

ПолеНазваниеЗначение
  Тип записи a
  Библиографический уровень a
001 Контрольный номер RU/CBS_UL/BASE/565960402
005 Дата корректировки 20240209175219.3
100 Данные общей обработки __
a Данные общей обработки 20171207d2017 ||| 0rusy0189 ca
101 Язык документа 0_
a Язык текста rus
102 Страна публикации __
a Страна публикации RU
105 Кодированные данные (монография) __
a Кодированные данные (монография) y###||||000|y
181 Поле кодированных данных: вид содержания _1
a Код вида содержания (ISBD) i#
b Код характеристики содержания (ISBD) #xxe##
d i
g x
h x
i e
2 Код системы (источник кода, отличный от ISBD) isbdcontent
182 Поле кодированных данных: тип средства _1
a Код типа средства (ISBD) n
2 Код системы (источник кода, отличный от ISBD) isbdmedia
200 Заглавие и сведения об ответственности 1_
a Заглавие Путешествие в Лондон
b Общее обозначение материала Текст
e Сведения, относящиеся к заглавию [сценарий праздника об английских традициях и достопримечательностях для детей от 7 до 14 лет]
f Первые сведения об ответственности Н. Чеканина
w Текст (визуальный) : непосредственный
203 Вид содержания и тип средства __
a Вид содержания Текст
b Характеристика содержания визуальный
c Тип средства непосредственный
300 Общие примечания __
a Общие примечания Ограничения по возрасту - 16+
461 Уровень набора _0
1 2000
a Чем развлечь гостей
463 Уровень физической единицы _0
1 001RU/CBS_UL/BASE/565706746
1 2000
a № 11
v С. 20-24
1 210
d 2017
606 Тематические рубрики 0_
a Основная рубрика Великобритания - Сценарии
y Географическая подрубрика Лондон, город (Великобритания)
z Хронологическая подрубрика Дата события
610 Ключевые слова 0_
a Ключевые слова сценарии о Лондоне
a Ключевые слова Лондон (сценарии)
a Ключевые слова английские традиции (сценарии)
686 Индексы других классификаций __
a Классификационный индекс 74.200.5
2 Код системы ББК
700 Автор _1
a Фамилия Чеканина
b Имя (инициалы) Н.
801 Источник записи _0
a Страна RU
b Организация МБУК ЦБС г. Ульяновска
c Дата составления 20171207
g Правила каталогизации RCR
801 Источник записи _1
a Страна RU
b Организация МБУК ЦБС г. Ульяновска
c Дата составления 20171207
g Правила каталогизации RCR
901 Тип документа __
t Тип документа b
w Контрольный № источника RU/CBS_UL/BASE/565706746
910 Корректоры записи __
a Корректор записи admin2
938 Служебная информация __
a Имя БД period